00701nam a2200253 u 450000100070000000500170000700800410002403500110006503500210007604000130009704100080011008000060011810000340012424500200015865000120017865000200019065000120021065000300022265000250025265000120027765000490028965000500033877300590038815959820240201125801.0971217m19231933 spa  a159598 a(OCoLC)778015851 ccomduadb aspa aT10aJaramillo A., Pedro4auteaut10aCancer del seno aTórax 7aNeoplasias2dcs aTumores aDiagnóstico diferencial aDiagnóstico precoz aSarcoma aCasos, historias clinicas, estadisticas, etc aHistoria de la medicina - Colombia - Siglo XX0 tFundamentos de la profilaxis del cancerw159550079674